| 000 | 00475cam a2200169ua 4500 | ||
|---|---|---|---|
| 001 | 5154 | ||
| 008 | 120816n enk |||gr||||Z||||||eng | ||
| 040 | _cMAIN | ||
| 082 | _a824 | ||
| 100 |
_aJones, Edmund D., _eEditor, |
||
| 245 | 1 | 1 |
_aEnglish critical essays : _bsixteenth, seventeenth and eighteenth centuries / _cby Edmund D. Jones . |
| 250 | _a1st. | ||
| 260 |
_aLondon: _bThe world classics, _c1965. |
||
| 300 |
_a394p: _c15cm. |
||
| 653 | _aEnglish essays | ||
| 942 | _cBK | ||
| 999 |
_c4336 _d4336 |
||